<?xml version="1.0" encoding="UTF-8"?>
<record
    xmlns:xsi="http://www.w3.org/2001/XMLSchema-instance"
    xsi:schemaLocation="http://www.loc.gov/MARC21/slim http://www.loc.gov/standards/marcxml/schema/MARC21slim.xsd"
    xmlns="http://www.loc.gov/MARC21/slim">

  <leader>01454nam a22002897a 4500</leader>
  <datafield tag="999" ind1=" " ind2=" ">
    <subfield code="c">21903</subfield>
    <subfield code="d">21903</subfield>
  </datafield>
  <controlfield tag="003">AR-CdUCM</controlfield>
  <controlfield tag="008">190425b           ||||| |||| 00| 0 spa d</controlfield>
  <datafield tag="040" ind1=" " ind2=" ">
    <subfield code="a">MUNICIPALIDAD PROVINCIAL DEL CUSCO</subfield>
    <subfield code="c">BIBLIOTECA MUNICIPAL DEL CUSCO</subfield>
  </datafield>
  <datafield tag="082" ind1=" " ind2=" ">
    <subfield code="a">Rev.CuHis/N&#xB0;1/1920</subfield>
  </datafield>
  <datafield tag="245" ind1=" " ind2=" ">
    <subfield code="a">Revista Cuzco Hist&#xF3;rico :</subfield>
    <subfield code="b">&#xF3;rgano de la Comisi&#xF3;n Hist&#xF3;rico Eclesi&#xE1;stica /</subfield>
    <subfield code="c">Jos&#xE9; Gabriel Cos&#xED;o. Director</subfield>
  </datafield>
  <datafield tag="260" ind1=" " ind2=" ">
    <subfield code="a">Cusco :</subfield>
    <subfield code="b">Liga Sagrada,</subfield>
    <subfield code="c">1920.</subfield>
  </datafield>
  <datafield tag="300" ind1=" " ind2=" ">
    <subfield code="a">100 p&#xE1;ginas. :</subfield>
    <subfield code="c">22 cm.</subfield>
  </datafield>
  <datafield tag="440" ind1=" " ind2=" ">
    <subfield code="a">Cuzco Hist&#xF3;rico.</subfield>
    <subfield code="n">A&#xF1;o I, N&#xB0;1, julio 1920.</subfield>
    <subfield code="9">46757</subfield>
  </datafield>
  <datafield tag="505" ind1=" " ind2=" ">
    <subfield code="a">Contenido: Los monasterios del Cuzco. Fortunato L. Herrera. -- Apuntes de un viaje al Cuzco. Jos&#xE9; de la Riva Ag&#xFC;ero. -- Episcopologio cusque&#xF1;o. Juan Antonio Casanova. -- Actas in&#xE9;ditas del Cabildo cusque&#xF1;o. -- El colegio de Educandas. Fidelia Mendoza. -- El nombre de Sicuani. Fidel M. Cos&#xED;o. -- Hero&#xED;smo de Cahuide. Pedro Pizarro. -- El Ollantay, Usca Pauccar.</subfield>
  </datafield>
  <datafield tag="650" ind1=" " ind2=" ">
    <subfield code="a">Historia del Cusco</subfield>
    <subfield code="9">1714</subfield>
  </datafield>
  <datafield tag="650" ind1=" " ind2=" ">
    <subfield code="a">Historia eclesi&#xE1;stica</subfield>
    <subfield code="9">42856</subfield>
  </datafield>
  <datafield tag="650" ind1=" " ind2=" ">
    <subfield code="a">Etimolog&#xED;a Quechua</subfield>
    <subfield code="9">46758</subfield>
  </datafield>
  <datafield tag="650" ind1=" " ind2=" ">
    <subfield code="a">Literatura Quechua</subfield>
    <subfield code="9">7789</subfield>
  </datafield>
  <datafield tag="700" ind1=" " ind2=" ">
    <subfield code="a">Herrera, Fortunato</subfield>
    <subfield code="9">45903</subfield>
  </datafield>
  <datafield tag="700" ind1=" " ind2=" ">
    <subfield code="a">Cos&#xED;o, Jos&#xE9; Gabriel</subfield>
    <subfield code="9">11720</subfield>
  </datafield>
  <datafield tag="700" ind1=" " ind2=" ">
    <subfield code="a">Casanova, Juan Antonio</subfield>
    <subfield code="9">46549</subfield>
  </datafield>
  <datafield tag="700" ind1=" " ind2=" ">
    <subfield code="a">De la Riva Ag&#xFC;ero, Jos&#xE9;</subfield>
    <subfield code="9">27860</subfield>
  </datafield>
  <datafield tag="700" ind1=" " ind2=" ">
    <subfield code="a">Pizarro, Pedro</subfield>
    <subfield code="9">12741</subfield>
  </datafield>
  <datafield tag="942" ind1=" " ind2=" ">
    <subfield code="2">ddc</subfield>
    <subfield code="c">PP</subfield>
  </datafield>
  <datafield tag="945" ind1=" " ind2=" ">
    <subfield code="a">rac</subfield>
  </datafield>
  <datafield tag="952" ind1=" " ind2=" ">
    <subfield code="0">0</subfield>
    <subfield code="2">ddc</subfield>
    <subfield code="4">0</subfield>
    <subfield code="7">0</subfield>
    <subfield code="a">HEM</subfield>
    <subfield code="b">HEM</subfield>
    <subfield code="c">CART</subfield>
    <subfield code="d">2021-10-04</subfield>
    <subfield code="g">10.00</subfield>
    <subfield code="o">Rev.CuHis/N&#xB0;1/1920</subfield>
    <subfield code="p">REVC000684</subfield>
    <subfield code="r">2021-10-04</subfield>
    <subfield code="y">PP</subfield>
  </datafield>
</record>
